00405nam a2200145Ia 4500003000400000008004100004040001600045082001300061100002500074245008500099260003400184300001300218650001500231650001300246GCL140319s9999 xx 000 0 eng d aGCL / cGCL04a111bG E1 aGROSSMANN, REINHARDT10aTHE EXISTENCE OF THE WORLD: AN INTRODUCTION TO ONTOLOGY / cGROSSMANN, REINHARDT a[S.N] : bROUTLEDGE ، c1994 aNEW YORK04aPHILOSOPHY04aONTOLOGY